000 00418cam a22001337a 4500
008 180718b2001 xxu||||| |||| 00| 0 eng d
082 _aA81x54 91/32/PT11
100 _aCensus of India 1991
245 _aLakshadweep: census atlas
260 _aDelhi
_bThe Controller of Publications
_c2001
300 _a33+p.
440 _aCensus of India 1991. Series-32, Lakshadweep. Part-XI
650 _aLakshadweep - Census - Maps
999 _c491973
_d491973